[Event "Corsica-ch"]
[Site "Bastia"]
[Date "2012.06.29"]
[Round "7"]
[White "Guillemart, Serge"]
[Black "Battesti, Saveriu"]
[Result "0-1"]
[WhiteElo "1780"]
[BlackElo "2000"]
[PlyCount "100"]
[EventDate "2012.06.23"]
[EventType "tourn"]
[EventRounds "7"]
[EventCountry "FRA"]
[SourceTitle "CBM 149 Extra"]
[Source "ChessBase"]
[SourceDate "2012.08.24"]
[SourceVersion "1"]
[SourceVersionDate "2012.08.24"]
[SourceQuality "1"]

1. e4 e5 2. Nf3 Nc6 3. Bb5 a6 4. Ba4 Nf6 5. Qe2 Be7 6. c3 0-0 7. 0-0 b5 8. Bc2 d5 9. d4 Bg4 10. Rd1 exd4 11. cxd4 dxe4 12. Bxe4 Nxe4 13. Qxe4 Bxf3 14. gxf3 Nb4 15. Nc3 Re8 16. d5 Bc5 17. Qg4 f5 18. Qxf5 Qh4 19. Ne4 Rxe4 20. fxe4 Bxf2+ 21. Kg2 Rf8 22. Bg5 Qh5 23. Bf6 Qxf5 24. exf5 Bc5 25. Rac1 Bd6 26. Bc3 Nxa2 27. Ra1 Nxc3 28. bxc3 Be5 29. Rd3 Ra8 30. Ra2 a5 31. Kf3 Kf7 32. Ke4 Kf6 33. Rh3 a4 34. Rd3 a3 35. h3 Ra4+ 36. Ke3 Kxf5 37. d6 cxd6 38. Rd5 Ke6 39. Rxb5 Bxc3 40. Kf3 Bb2 41. Rh5 h6 42. Ke2 d5 43. Kd3 Rd4+ 44. Ke3 Re4+ 45. Kd3 Rd4+ 46. Ke3 Kf6 47. Ke2 Kg6 48. Re5 Re4+ 49. Rxe4 dxe4 50. Ke3 Kf5 0-1

[Event "Corsica-ch"]
[Site "Bastia"]
[Date "2012.06.28"]
[Round "6"]
[White "Battesti, Saveriu"]
[Black "Massoni, Michael"]
[Result "0-1"]
[WhiteElo "2000"]
[BlackElo "2360"]
[PlyCount "168"]
[EventDate "2012.06.23"]
[EventType "tourn"]
[EventRounds "7"]
[EventCountry "FRA"]
[SourceTitle "CBM 149 Extra"]
[Source "ChessBase"]
[SourceDate "2012.08.24"]
[SourceVersion "1"]
[SourceVersionDate "2012.08.24"]
[SourceQuality "1"]

1. e4 c5 2. Nf3 e6 3. d4 cxd4 4. Nxd4 Nc6 5. Nc3 Qc7 6. Be2 Nf6 7. a3 a6 8. g4 h6 9. h4 b5 10. g5 hxg5 11. Bxg5 Bb7 12. Qd2 Rc8 13. Rh3 Qb6 14. 0-0-0 Nxd4 15. Qxd4 Qxd4 16. Rxd4 Bc5 17. Bxf6 gxf6 18. Rd2 Ke7 19. f4 Bc6 20. Bd3 Rcg8 21. Rdh2 Rg4 22. Ne2 Bd6 23. Kd2 Kf8 24. h5 Bxf4+ 25. Nxf4 Rxf4 26. Rg3 Rg8 27. Rxg8+ Kxg8 28. Ke3 Rg4 29. Rf2 Kg7 30. h6+ Kxh6 31. Rxf6+ Kg7 32. Rf4 Rg5 33. c4 bxc4 34. Bxc4 a5 35. Kd3 Rg3+ 36. Kd4 d6 37. e5 dxe5+ 38. Kxe5 Rg5+ 39. Kd6 Bd5 40. Bxd5 Rxd5+ 41. Ke7 Rf5 42. Rxf5 exf5 43. b4 axb4 44. axb4 f4 45. b5 f3 46. b6 f2 47. b7 f1Q 48. b8Q Qe2+ 49. Kd8 Qd3+ 50. Ke8 Qe4+ 51. Kd8 Qh4+ 52. Kd7 Qh3+ 53. Kc6 Qc3+ 54. Kd5 Qd3+ 55. Kc5 Kg6 56. Qg8+ Kf6 57. Qh8+ Kg5 58. Qg8+ Qg6 59. Qd8+ Qf6 60. Qd2+ Qf4 61. Qd8+ f6 62. Qg8+ Kf5 63. Qh7+ Kg4 64. Qh1 f5 65. Qd1+ Qf3 66. Qg1+ Kh3 67. Qg6 f4 68. Qh6+ Kg2 69. Kd4 Qd1+ 70. Ke4 Qe2+ 71. Kd4 f3 72. Qg5+ Kf1 73. Qc1+ Kf2 74. Qf4 Qb2+ 75. Kc4 Qc2+ 76. Kd5 Qd3+ 77. Kc6 Qg6+ 78. Kb7 Kg2 79. Qd2+ f2 80. Qd5+ Kg1 81. Qc5 Kg2 82. Qd5+ Kh2 83. Qe5+ Qg3 84. Qh5+ Kg2 0-1

[Event "Ajaccio op 1st"]
[Site "Ajaccio"]
[Date "2012.04.27"]
[Round "7"]
[White "Utrera, Ludovic"]
[Black "Battesti, Saveriu"]
[Result "0-1"]
[WhiteElo "1948"]
[BlackElo "1990"]
[PlyCount "102"]
[EventDate "2012.04.24"]
[EventType "swiss"]
[EventRounds "9"]
[EventCountry "FRA"]
[SourceTitle "CBM 148 Extra"]
[Source "ChessBase"]
[SourceDate "2012.06.22"]
[SourceVersion "1"]
[SourceVersionDate "2012.06.22"]
[SourceQuality "1"]

1. d4 Nf6 2. Nf3 g6 3. Bg5 Bg7 4. Nbd2 c5 5. dxc5 Qa5 6. c3 Qxc5 7. e3 0-0 8. Bd3 d5 9. 0-0 Nc6 10. Nb3 Qd6 11. Bc2 Bg4 12. h3 Bxf3 13. Qxf3 Ne5 14. Qe2 Ne4 15. Bxe4 dxe4 16. Rad1 Nd3 17. f3 f5 18. fxe4 fxe4 19. Qg4 Be5 20. Qxe4 Bh2+ 21. Kh1 Nf2+ 22. Rxf2 Qxd1+ 23. Kxh2 Rxf2 24. Nd4 Raf8 25. Bh6 Qh5 26. Bxf8 Kxf8 27. Ne6+ Kf7 28. Nf4 Qf5 29. Qxb7 g5 30. Qb3+ e6 31. Qb7+ Kf6 32. Nh5+ Kg6 33. Ng3 Qd5 34. Qxd5 exd5 35. b3 Rxa2 36. e4 dxe4 37. Nxe4 Ra3 38. Nc5 Ra2 39. Ne4 Kf5 40. Nc5 Rc2 41. c4 Rc3 42. Kg1 h5 43. Kf2 Rc2+ 44. Kf3 g4+ 45. hxg4+ hxg4+ 46. Kg3 Rc3+ 47. Kh4 Re3 48. Nb7 Kf4 49. c5 Rh3+ 50. gxh3 g3 51. c6 g2 0-1

[Event "Ajaccio op 1st"]
[Site "Ajaccio"]
[Date "2012.04.26"]
[Round "4"]
[White "Battesti, Saveriu"]
[Black "Massoni, Michael"]
[Result "0-1"]
[WhiteElo "1990"]
[BlackElo "2341"]
[PlyCount "62"]
[EventDate "2012.04.24"]
[EventType "swiss"]
[EventRounds "9"]
[EventCountry "FRA"]
[SourceTitle "CBM 148 Extra"]
[Source "ChessBase"]
[SourceDate "2012.06.22"]
[SourceVersion "1"]
[SourceVersionDate "2012.06.22"]
[SourceQuality "1"]

1. e4 c5 2. Nf3 d6 3. Nc3 Nf6 4. d4 cxd4 5. Nxd4 e6 6. Be2 Be7 7. 0-0 Nc6 8. Be3 0-0 9. f4 Bd7 10. Kh1 Nxd4 11. Bxd4 Bc6 12. Qd3 Qc7 13. Qg3 g6 14. e5 dxe5 15. Bxe5 Qa5 16. Qg5 Nd5 17. Qh6 f6 18. Nxd5 Bxd5 19. Bd3 Rf7 20. Bc3 Qc7 21. Rae1 Qc6 22. Qh3 Bf8 23. Bd2 b5 24. Re3 Bg7 25. b3 f5 26. c4 bxc4 27. bxc4 Be4 28. Bxe4 fxe4 29. Rfe1 Rxf4 30. R3e2 Rf5 31. Rxe4 Qxe4 0-1

[Event "Casanova op 20th"]
[Site "Casanova"]
[Date "2009.07.19"]
[Round "5"]
[White "Battesti, Saveriu"]
[Black "Humeau, Cyril"]
[Result "0-1"]
[WhiteElo "1970"]
[BlackElo "2177"]
[PlyCount "98"]
[EventDate "2009.07.19"]
[EventType "swiss (rapid)"]
[EventRounds "9"]
[EventCountry "FRA"]
[SourceTitle "EXT 2010"]
[Source "ChessBase"]
[SourceDate "2010.11.25"]
[SourceVersion "1"]
[SourceVersionDate "2010.11.25"]
[SourceQuality "1"]

1. e4 d5 2. exd5 Qxd5 3. d4 Nf6 4. Nf3 Bf5 5. c4 Qe4+ 6. Be2 Qc2 7. Qxc2 Bxc2 8. 0-0 e6 9. Bg5 Nbd7 10. Ne5 c6 11. Nd2 Bd6 12. Nd3 h6 13. Be3 0-0 14. Rac1 Bxd3 15. Bxd3 Rfd8 16. Ne4 Nxe4 17. Bxe4 Nf6 18. Bf3 Rd7 19. Rfd1 Rad8 20. Rd3 Kf8 21. Rcd1 Bb4 22. Rb3 Ba5 23. Ra3 Bb6 24. c5 Bxc5 25. Rad3 e5 26. d5 Bxe3 27. Rxe3 cxd5 28. Rxe5 b6 29. Kf1 Rc7 30. Rd2 Rc1+ 31. Ke2 Rc6 32. b3 Re6 33. Rxe6 fxe6 34. Ke3 Ke7 35. Kf4 Kd6 36. g4 Rc8 37. h4 Nd7 38. g5 hxg5+ 39. hxg5 Ne5 40. Be2 Ng6+ 41. Kg3 Ne7 42. f4 Rc1 43. Bg4 Rg1+ 44. Kf3 Rf1+ 45. Kg3 Re1 46. Kf3 Nc6 47. f5 Re4 48. Bh5 exf5 49. Bg6 Ne5+ 0-1

[Event "Calvi Balagne op 06th"]
[Site "Calvi"]
[Date "2009.04.29"]
[Round "2"]
[White "Battesti, Saveriu"]
[Black "Sulava, Nenad"]
[Result "0-1"]
[WhiteElo "1952"]
[BlackElo "2521"]
[PlyCount "86"]
[EventDate "2009.04.28"]
[EventType "swiss"]
[EventRounds "9"]
[EventCountry "FRA"]
[SourceTitle "CBM 130 Extra"]
[Source "ChessBase"]
[SourceDate "2009.07.02"]
[SourceVersion "2"]
[SourceVersionDate "2009.07.15"]
[SourceQuality "1"]

1. e4 c5 2. Nc3 a6 3. Nf3 b5 4. d4 e6 5. Be3 cxd4 6. Nxd4 Bb7 7. Nb3 d6 8. f4 Nd7 9. Qd4 Ne7 10. Rg1 Nc6 11. Qd2 Be7 12. Bd3 0-0 13. g4 b4 14. Na4 a5 15. g5 Re8 16. 0-0-0 Bf8 17. h4 Ne7 18. f5 Bc6 19. f6 Bxa4 20. fxe7 Rxe7 21. h5 Bxb3 22. cxb3 Ne5 23. Be2 a4 24. bxa4 Rxa4 25. b3 Ra3 26. Kb1 Qa5 27. Rc1 Re8 28. Rc2 Ra8 29. Rb2 Be7 30. Bf4 Qb6 31. Be3 Qb7 32. Qd4 Rc8 33. Bd2 Nc6 34. Qc4 Ra5 35. g6 Rc5 36. gxf7+ Kxf7 37. Qd3 Ne5 38. Qe3 Bf6 39. Bd1 h6 40. Qf4 Nd3 41. Rxg7+ Kxg7 42. Qxh6+ Kg8 43. Qxf6 Rc1+ 0-1

[Event "Corsica-ch"]
[Site "Corsica"]
[Date "2008.06.14"]
[Round "3"]
[White "Massoni, Michael"]
[Black "Battesti, Saveriu"]
[Result "1-0"]
[WhiteElo "2176"]
[BlackElo "1947"]
[PlyCount "61"]
[EventDate "2008.05.31"]
[EventType "swiss"]
[EventRounds "9"]
[EventCountry "FRA"]
[SourceTitle "EXT 2009"]
[Source "ChessBase"]
[SourceDate "2008.11.26"]
[SourceVersion "1"]
[SourceVersionDate "2008.11.26"]
[SourceQuality "1"]

1. e4 c5 2. Nc3 Nc6 3. Nge2 e6 4. d4 cxd4 5. Nxd4 Nf6 6. Nxc6 dxc6 7. Qf3 Bb4 8. Bd3 Qd4 9. Bd2 e5 10. 0-0 Bg4 11. Qg3 Qd6 12. f4 Qe6 13. fxe5 Nd7 14. Rae1 0-0-0 15. Be3 Nc5 16. Bf2 Bh5 17. a3 Bxc3 18. bxc3 Nxd3 19. cxd3 Kb8 20. Qe3 b6 21. a4 Kb7 22. a5 c5 23. Rb1 Qxe5 24. axb6 axb6 25. d4 cxd4 26. cxd4 Qa5 27. Ra1 Qb5 28. Rfb1 Qe2 29. Qa3 Qxe4 30. Qa7+ Kc6 31. Rxb6+ 1-0

[Event "Corsica-ch"]
[Site "Corsica"]
[Date "2008.05.31"]
[Round "1"]
[White "Autran, Yann"]
[Black "Battesti, Saveriu"]
[Result "1/2-1/2"]
[WhiteElo "1969"]
[BlackElo "1947"]
[PlyCount "99"]
[EventDate "2008.05.31"]
[EventType "swiss"]
[EventRounds "9"]
[EventCountry "FRA"]
[SourceTitle "EXT 2009"]
[Source "ChessBase"]
[SourceDate "2008.11.26"]
[SourceVersion "1"]
[SourceVersionDate "2008.11.26"]
[SourceQuality "1"]

1. c4 g6 2. Nf3 Bg7 3. g3 e5 4. d3 d6 5. Bg2 Ne7 6. 0-0 0-0 7. Nc3 f5 8. Bg5 h6 9. Bxe7 Qxe7 10. e3 c6 11. d4 e4 12. Nd2 Be6 13. Qc2 d5 14. b3 Nd7 15. a3 g5 16. cxd5 cxd5 17. f4 exf3 18. Bxf3 f4 19. Nxd5 Bxd5 20. Bxd5+ Kh8 21. Rae1 fxe3 22. Nf3 Qd6 23. Bxb7 Bxd4 24. Qe2 Rab8 25. Nxd4 Rxf1+ 26. Kxf1 Qxd4 27. Bg2 Rxb3 28. Rd1 Qa4 29. Qc2 Qb5+ 30. Ke1 Qa5+ 31. Kf1 Qa6+ 32. Ke1 Qa5+ 33. Kf1 Rc3 34. Qb2 Qf5+ 35. Ke1 Ne5 36. Rd8+ Kg7 37. Qb7+ Kg6 38. Be4 Rc1+ 39. Ke2 Rc2+ 40. Kd1 e2+ 41. Kxc2 e1Q 42. Bxf5+ Kxf5 43. Qc8+ Kf6 44. Rf8+ Kg6 45. Qe6+ Kh5 46. Qh3+ Kg6 47. Qe6+ Kh5 48. Qh3+ Kg6 49. Qe6+ Kh5 50. Qh3+ 1/2-1/2

[Event "Calvi Balagne op 05th"]
[Site "Calvi"]
[Date "2008.04.09"]
[Round "5"]
[White "Massoni, Michael"]
[Black "Battesti, Saveriu"]
[Result "1-0"]
[WhiteElo "2176"]
[BlackElo "1947"]
[PlyCount "46"]
[EventDate "2008.04.06"]
[EventType "swiss"]
[EventRounds "9"]
[EventCountry "FRA"]
[SourceTitle "CBM 123 Extra"]
[Source "ChessBase"]
[SourceDate "2008.05.06"]
[SourceVersion "1"]
[SourceVersionDate "2008.05.06"]
[SourceQuality "1"]

1. e4 c5 2. c3 g6 3. d4 cxd4 4. cxd4 d5 5. e5 Nc6 6. Nc3 Nh6 7. Be2 Nf5 8. Nf3 e6 9. 0-0 Qb6 10. Na4 Qc7 11. Bg5 Bg7 12. Rc1 0-0 13. b4 a6 14. Qd2 Qb8 15. Nb6 Ra7 16. g4 Nfe7 17. a4 f6 18. exf6 Bxf6 19. Bf4 e5 20. dxe5 Bg7 21. h3 Be6 22. Bg3 Nxe5 23. Qe3 Qd6 1-0

[Event "EU-ch blitz"]
[Site "Ajaccio"]
[Date "2007.10.25"]
[Round "5"]
[White "Battesti, Saveriu"]
[Black "Bauer, Christian"]
[Result "0-1"]
[WhiteElo "1935"]
[BlackElo "2634"]
[PlyCount "42"]
[EventDate "2007.10.25"]
[EventType "swiss (blitz)"]
[EventRounds "32"]
[EventCountry "FRA"]
[SourceTitle "CBM 120 Extra"]
[Source "ChessBase"]
[SourceDate "2007.11.01"]
[SourceVersion "1"]
[SourceVersionDate "2007.11.01"]
[SourceQuality "1"]

1. e4 d5 2. exd5 Qxd5 3. Nc3 Qd6 4. d4 Nf6 5. Nf3 a6 6. Be2 Bf5 7. 0-0 e6 8. Be3 Nc6 9. Nh4 Bg6 10. Bf3 0-0-0 11. Nxg6 hxg6 12. g3 Nxd4 13. Bxd4 Qxd4 14. Qe2 Bd6 15. Rfd1 Qe5 16. Qc4 Bc5 17. Na4 Bxf2+ 18. Kxf2 Rxh2+ 19. Bg2 Ne4+ 20. Kg1 Rxg2+ 21. Kxg2 Qxg3+ 0-1

[Event "Porticcio op 8th"]
[Site "Porticcio"]
[Date "2007.05.28"]
[Round "9"]
[White "Humeau, Cyril"]
[Black "Battesti, Saveriu"]
[Result "1-0"]
[WhiteElo "2162"]
[BlackElo "1913"]
[PlyCount "63"]
[EventDate "2007.05.26"]
[EventType "swiss"]
[EventRounds "9"]
[EventCountry "FRA"]
[SourceTitle "EXT 2008"]
[Source "ChessBase"]
[SourceDate "2007.11.25"]
[SourceVersion "1"]
[SourceVersionDate "2007.11.25"]
[SourceQuality "1"]

1. e4 c5 2. Nf3 Nc6 3. d4 cxd4 4. Nxd4 Nf6 5. Nc3 e5 6. Ndb5 d6 7. Bg5 a6 8. Na3 b5 9. Nd5 Be7 10. Bxf6 Bxf6 11. c3 Ne7 12. Nc2 0-0 13. Nce3 Be6 14. a4 bxa4 15. Rxa4 a5 16. Bc4 Nxd5 17. Nxd5 Bg5 18. h4 Be7 19. b4 Rc8 20. bxa5 Bxd5 21. Bxd5 Rc7 22. a6 Ra7 23. h5 Qb6 24. Qd3 Kh8 25. 0-0 Bh4 26. g3 Bxg3 27. Qxg3 Rxa6 28. Rxa6 Qxa6 29. Qg5 f6 30. Qf5 Qe2 31. Kg2 Qd2 32. c4 1-0

[Event "Porticcio op 8th"]
[Site "Porticcio"]
[Date "2007.05.26"]
[Round "4"]
[White "Cristofari, Antoine"]
[Black "Battesti, Saveriu"]
[Result "1-0"]
[WhiteElo "2128"]
[BlackElo "1913"]
[PlyCount "83"]
[EventDate "2007.05.26"]
[EventType "swiss"]
[EventRounds "9"]
[EventCountry "FRA"]
[SourceTitle "EXT 2008"]
[Source "ChessBase"]
[SourceDate "2007.11.25"]
[SourceVersion "1"]
[SourceVersionDate "2007.11.25"]
[SourceQuality "1"]

1. e4 c5 2. Nf3 Nc6 3. d4 cxd4 4. Nxd4 Nf6 5. Nc3 e5 6. Ndb5 d6 7. Bg5 a6 8. Na3 b5 9. Nd5 Be7 10. Bxf6 Bxf6 11. c3 Ne7 12. Nxe7 Bxe7 13. Nc2 Bb7 14. Qg4 0-0 15. Bd3 d5 16. Rd1 f5 17. exf5 Bc5 18. 0-0 Qf6 19. Ne3 Rad8 20. Qh5 e4 21. Bc2 b4 22. Ng4 Qxf5 23. Qxf5 Rxf5 24. cxb4 Bb6 25. Bb3 Kh8 26. Ne3 Rg5 27. g3 d4 28. Ng2 Rf5 29. Nf4 d3 30. Ng2 Rdf8 31. Nf4 g5 32. Ne6 Rxf2 33. Rxf2 Bxf2+ 34. Kf1 Rf6 35. Bc4 Bc8 36. Kg2 Bb7 37. Kh3 g4+ 38. Kh4 Rh6+ 39. Kg5 Rg6+ 40. Kf4 Rf6+ 41. Ke5 Rf3 42. Ng5 1-0

[Event "Bastiais Master 5th"]
[Site "Bastia"]
[Date "2007.03.??"]
[Round "?"]
[White "Humeau, Cyril"]
[Black "Battesti, Saveriu"]
[Result "1/2-1/2"]
[WhiteElo "2162"]
[BlackElo "1913"]
[PlyCount "98"]
[EventDate "2007.03.??"]
[EventType "swiss"]
[EventRounds "9"]
[EventCountry "FRA"]
[SourceTitle "CBM 117 Extra"]
[Source "ChessBase"]
[SourceDate "2007.05.09"]
[SourceVersion "1"]
[SourceVersionDate "2007.05.09"]
[SourceQuality "1"]

1. e4 c5 2. Nf3 Nc6 3. Nc3 Nf6 4. d4 cxd4 5. Nxd4 e5 6. Ndb5 d6 7. Bg5 a6 8. Na3 b5 9. Nd5 Be7 10. Bxf6 Bxf6 11. c3 Bg5 12. Nc2 0-0 13. a4 bxa4 14. Rxa4 Bb7 15. Bc4 Ne7 16. Ncb4 Nxd5 17. Bxd5 Qb6 18. Bxb7 Qxb7 19. Qd5 Rfb8 20. Qxb7 Rxb7 21. Ke2 d5 22. exd5 Be7 23. Nd3 Rd8 24. Nb4 Bxb4 25. Rxb4 Rxb4 26. cxb4 Rxd5 27. Rd1 Rxd1 28. Kxd1 Kf8 29. Kc2 Ke7 30. Kb3 f5 31. h4 Kd6 32. Ka4 e4 33. g3 Kd5 34. b5 axb5+ 35. Kxb5 Kd4 36. b4 Kd3 37. Kc6 Ke2 38. b5 Kxf2 39. b6 e3 40. b7 e2 41. b8Q e1Q 42. Qf4+ Kg2 43. Qxf5 Qxg3 44. Qxh7 Kh3 45. h5 Kh4 46. Kd5 Qg5+ 47. Ke4 Qxh5 48. Qxg7 Qg4+ 49. Qxg4+ Kxg4 1/2-1/2

[Event "Corsican Champion sim"]
[Site "Corte"]
[Date "2007.01.27"]
[Round "?"]
[White "Humeau, Cyril"]
[Black "Battesti, Saveriu"]
[Result "1-0"]
[WhiteElo "2162"]
[BlackElo "1913"]
[PlyCount "81"]
[EventDate "2007.01.27"]
[EventType "simul"]
[EventRounds "1"]
[EventCountry "FRA"]
[SourceTitle "EXT 2008"]
[Source "ChessBase"]
[SourceDate "2007.11.25"]
[SourceVersion "1"]
[SourceVersionDate "2007.11.25"]
[SourceQuality "1"]

1. f3 e5 2. Nh3 Nf6 3. Nf2 Bc5 4. Nd3 Bb6 5. Nxe5 0-0 6. Nc4 d5 7. Nxb6 axb6 8. d4 Nc6 9. e3 Bf5 10. Bd3 Bg6 11. 0-0 Re8 12. Na3 Bxd3 13. Qxd3 Nb4 14. Qb3 Nc6 15. c4 Na5 16. Qc3 dxc4 17. Nxc4 Nxc4 18. Qxc4 c6 19. Bd2 b5 20. Qc5 Nd7 21. Qd6 Re6 22. Qg3 Rg6 23. Qf2 c5 24. d5 Ne5 25. e4 Nc4 26. b3 Nxd2 27. Qxd2 Rc8 28. e5 c4 29. d6 c3 30. Qd3 Qd7 31. Rac1 b4 32. f4 Qc6 33. Rf3 h6 34. h3 Qb6+ 35. Kh2 Re6 36. Qd5 Ra8 37. Rc2 Rd8 38. f5 Ree8 39. Rd3 Kf8 40. e6 fxe6 41. fxe6 1-0